Jövedéki adóharmonizáció

Bibliográfiai részletek
Szerző: Kreszán Fanni
További közreműködők: Fellegi Dr. Miklós
Dokumentumtípus: Diplomadolgozat
Kulcsszavak:jövedék
jövedéki adó
adóharmonizáció
Európai Unió
Online Access:http://dolgozattar.uni-bge.hu/21980

MARC

LEADER 00000nta a2200000 i 4500
001 dolg21980
005 20190515101728.0
008 190515suuuu hu om 000 hun d
040 |a BGE Dolgozattár Repozitórium  |b hun 
041 |a hu 
100 1 |a Kreszán Fanni 
245 1 0 |a Jövedéki adóharmonizáció  |c Kreszán Fanni  |h [elektronikus dokumentum] 
246 1 1 |a Jövedéki adóharmonizáció 
695 |a jövedék 
695 |a jövedéki adó 
695 |a adóharmonizáció 
695 |a Európai Unió 
700 1 |a Fellegi Dr. Miklós  |e ths 
856 4 0 |u http://dolgozattar.uni-bge.hu/21980/1/Kresz%C3%A1n%20Fanni_Szakdolgozat_J%C3%B6ved%C3%A9ki%20ad%C3%B3harmoniz%C3%A1ci%C3%B3.pdf  |z Dokumentum-elérés